El tiempo imperfecto: en busca del destino y significado del cosmos
Saved in:
| Hovedforfatter: | |
|---|---|
| Format: | Bog |
| Sprog: | spansk |
| Udgivet: |
Madrid
McGraw-Hill
1992
|
| Serier: | Serie McGraw-Hill de Divulgación Científica
|
| Fag: | |
| Tags: |
Tilføj Tag
Ingen Tags, Vær først til at tagge denne postø!
|
MARC
| LEADER | 00000nam a2200000 a 4500 | ||
|---|---|---|---|
| 001 | UCY2076 | ||
| 003 | CL-VaPUC | ||
| 008 | 941007e19920000SP |||||||||||||||||spa|d | ||
| 082 | 0 | 4 | |a 530.11 |b HAL |2 21 |
| 100 | 0 | |a Halpern, Paul |e author |9 330138 | |
| 245 | 1 | 3 | |a El tiempo imperfecto: en busca del destino y significado del cosmos |
| 300 | |a 181 p | ||
| 942 | |c BK | ||
| 945 | |d 19941007 00:00:00 |a mfernand | ||
| 260 | |a Madrid |b McGraw-Hill |c 1992 | ||
| 650 | 0 | |a Espacio y tiempo |9 265042 | |
| 650 | 0 | |a Tiempo |9 267892 | |
| 583 | |a last modification |c 19941007 00:00:00 |k Rodrigo Vera | ||
| 490 | 0 | |a Serie McGraw-Hill de Divulgación Científica | |
| 999 | |c 230584 |d 230582 | ||